[Event "Budapest FS11 Nadassy"]
[Site "Budapest"]
[Date "2019.11.12"]
[Round "10.5"]
[White "Hussain, Hashem"]
[Black "Strenner, Zoltan"]
[Result "1-0"]
[WhiteElo "1678"]
[BlackElo "1974"]
[PlyCount "134"]
[EventDate "2019.11.02"]
[EventType "schev"]
[EventRounds "10"]
[EventCountry "HUN"]
[SourceTitle "CBM 193 Extra"]
[Source "ChessBase"]
[SourceDate "2020.01.31"]
[SourceVersion "1"]
[SourceVersionDate "2020.01.31"]
[SourceQuality "1"]
[WhiteTeam "Lower Elo"]
[BlackTeam "Higher Elo"]
[WhiteTeamCountry "HUN"]
[BlackTeamCountry "HUN"]

1. e4 e5 2. Nf3 Nc6 3. Bb5 a6 4. Ba4 Nf6 5. d3 Bc5 6. c3 d6 7. Nbd2 0-0 8. Nf1 h6 9. Ng3 Ba7 10. 0-0 b5 11. Bb3 Be6 12. Bc2 Ne7 13. d4 Ng6 14. Nf5 d5 15. Nxe5 Nxe5 16. dxe5 Nxe4 17. Qg4 Bxf5 18. Qxf5 Qh4 19. g3 g6 20. Qf3 Qh3 21. Bxe4 dxe4 22. Qxe4 Rfe8 23. Be3 Bxe3 24. Qxe3 Qf5 25. f4 Rad8 26. Rfe1 Qh3 27. Rad1 Qe6 28. b3 Qg4 29. Rd4 Rxd4 30. cxd4 Rd8 31. Qe4 Qd7 32. Rd1 c6 33. Kg2 h5 34. Rd2 Qe6 35. Kf3 Qh3 36. Ke3 Rd5 37. Rf2 Qg4 38. Qc2 h4 39. gxh4 Qxh4 40. Rf3 g5 41. Qf2 c5 42. Qxh4 gxh4 43. dxc5 Rxc5 44. Rf2 Kf8 45. Kd4 Rc1 46. Ke4 h3 47. Kf5 Rc3 48. Rd2 Rf3 49. Kg4 Rc3 50. Rd6 Rc2 51. Kxh3 Rxa2 52. b4 Ra4 53. Kg4 Rxb4 54. Rxa6 Rb2 55. h4 Kg7 56. Rb6 b4 57. Rb7 Rg2+ 58. Kf5 Rh2 59. e6 b3 60. Rxf7+ Kg8 61. Rb7 b2 62. Kf6 Rxh4 63. Rb8+ Kh7 64. f5 Rh2 65. Kf7 Rf2 66. f6 Kh6 67. e7 Re2 1-0

[Event "Budapest FS11 Nadassy"]
[Site "Budapest"]
[Date "2019.11.11"]
[Round "9.5"]
[White "Strenner, Zoltan"]
[Black "Al Azmi, Khalaf"]
[Result "1-0"]
[WhiteElo "1974"]
[BlackElo "1698"]
[PlyCount "41"]
[EventDate "2019.11.02"]
[EventType "schev"]
[EventRounds "10"]
[EventCountry "HUN"]
[SourceTitle "CBM 193 Extra"]
[Source "ChessBase"]
[SourceDate "2020.01.31"]
[SourceVersion "1"]
[SourceVersionDate "2020.01.31"]
[SourceQuality "1"]
[WhiteTeam "Higher Elo"]
[BlackTeam "Lower Elo"]
[WhiteTeamCountry "HUN"]
[BlackTeamCountry "HUN"]

1. e4 e5 2. Nc3 Nc6 3. Bc4 Nf6 4. d3 Na5 5. Bb3 Nxb3 6. axb3 Bc5 7. Bg5 c6 8. Nge2 Bxf2+ 9. Kxf2 Ng4+ 10. Kg1 Qxg5 11. Qc1 Qd8 12. h3 Nf6 13. Qe3 b6 14. Ng3 0-0 15. Nce2 d5 16. Kh2 dxe4 17. dxe4 Qc7 18. Rhf1 h6 19. Rxf6 gxf6 20. Nh5 f5 21. Qg3+ 1-0

[Event "Budapest FS11 Nadassy"]
[Site "Budapest"]
[Date "2019.11.10"]
[Round "8.5"]
[White "Hashem, Khaled"]
[Black "Strenner, Zoltan"]
[Result "0-1"]
[WhiteElo "1933"]
[BlackElo "1974"]
[PlyCount "76"]
[EventDate "2019.11.02"]
[EventType "schev"]
[EventRounds "10"]
[EventCountry "HUN"]
[SourceTitle "CBM 193 Extra"]
[Source "ChessBase"]
[SourceDate "2020.01.31"]
[SourceVersion "1"]
[SourceVersionDate "2020.01.31"]
[SourceQuality "1"]
[WhiteTeam "Lower Elo"]
[BlackTeam "Higher Elo"]
[WhiteTeamCountry "HUN"]
[BlackTeamCountry "HUN"]

1. d4 d5 2. Nf3 Nf6 3. c4 c6 4. Nc3 e6 5. g3 Be7 6. Bg2 0-0 7. 0-0 Re8 8. b3 Nbd7 9. Bb2 Bd6 10. Qc2 Bc7 11. Rad1 Qe7 12. e4 dxc4 13. bxc4 Nb6 14. e5 Nfd7 15. Ne4 Qb4 16. Neg5 Nf8 17. Nd2 h6 18. Nge4 Nfd7 19. Rb1 Qa4 20. Qc3 c5 21. Nxc5 Nxc5 22. dxc5 Nd7 23. Qe3 Rb8 24. f4 Nxc5 25. Bd4 b6 26. Bxc5 bxc5 27. Rxb8 Bxb8 28. Qb3 Bd7 29. Rf3 Qa5 30. Rd3 Rd8 31. Rxd7 Rxd7 32. Qxb8+ Rd8 33. Qb5 Qxb5 34. cxb5 Rxd2 35. a4 Ra2 36. Bc6 Kf8 37. Kf1 Rxa4 38. b6 Ra1+ 0-1

[Event "Budapest FS11 Nadassy"]
[Site "Budapest"]
[Date "2019.11.06"]
[Round "5.5"]
[White "Strenner, Zoltan"]
[Black "Hussain, Hashem"]
[Result "0-1"]
[WhiteElo "1974"]
[BlackElo "1678"]
[PlyCount "39"]
[EventDate "2019.11.02"]
[EventType "schev"]
[EventRounds "10"]
[EventCountry "HUN"]
[SourceTitle "CBM 193 Extra"]
[Source "ChessBase"]
[SourceDate "2020.01.31"]
[SourceVersion "1"]
[SourceVersionDate "2020.01.31"]
[SourceQuality "1"]
[WhiteTeam "Higher Elo"]
[BlackTeam "Lower Elo"]
[WhiteTeamCountry "HUN"]
[BlackTeamCountry "HUN"]

1. e4 c5 2. Nc3 g6 3. Bc4 Bg7 4. d3 Nc6 5. Nge2 e6 6. 0-0 Nge7 7. Bb3 0-0 8. f4 Nd4 9. Nxd4 Bxd4+ 10. Kh1 d6 11. Qe2 Bd7 12. Nd1 Bc6 13. e5 Nf5 14. Bd2 Nh4 15. Rf3 Nxf3 16. gxf3 c4 17. Bxc4 dxe5 18. c3 Bb6 19. fxe5 Qh4 20. Be1 0-1

[Event "Budapest-chT1 Lilienthal 1718"]
[Site "Budapest"]
[Date "2018.03.11"]
[Round "11"]
[White "Strenner, Zoltan"]
[Black "Pirityi, Andras"]
[Result "0-1"]
[WhiteElo "1989"]
[BlackElo "1739"]
[PlyCount "84"]
[EventDate "2017.10.01"]
[EventType "team-tourn"]
[EventRounds "13"]
[EventCountry "HUN"]
[SourceTitle "EXT 2021"]
[Source "ChessBase"]
[SourceDate "2020.10.23"]
[SourceVersion "1"]
[SourceVersionDate "2020.10.23"]
[SourceQuality "1"]
[WhiteTeam "Fabulon"]
[BlackTeam "Budapest Ujpest KSE"]
[WhiteTeamCountry "HUN"]
[BlackTeamCountry "HUN"]

1. e4 g6 2. d4 Bg7 3. c4 d6 4. Nc3 Nf6 5. f4 0-0 6. Nf3 Bg4 7. Be2 Nfd7 8. 0-0 c5 9. d5 a6 10. Qd3 Qc7 11. Be3 f5 12. Ng5 fxe4 13. Qc2 Nf6 14. h3 Bd7 15. Rab1 h6 16. Ngxe4 Nxe4 17. Nxe4 Bc8 18. Bg4 Bd7 19. Nf2 Bf5 20. Bxf5 gxf5 21. Rbe1 Nd7 22. Bd2 Rae8 23. Re6 Rf7 24. Rfe1 Nf8 25. R6e2 Qd7 26. Bc3 Ng6 27. g3 Bxc3 28. Qxc3 Rg7 29. Re6 Kh7 30. Qd3 Rf8 31. Kh2 Rff7 32. b3 Qd8 33. Nd1 Qg8 34. Rg1 Nxf4 35. Rxh6+ Kxh6 36. Qe3 Kh7 37. Qxf4 Kh8 38. Nc3 Qh7 39. Rf1 Rg6 40. Ne4 Rh6 41. h4 Rh5 42. g4 Rxh4+ 0-1

[Event "Budapest-chT1 Lilienthal 1516"]
[Site "Budapest"]
[Date "2015.12.13"]
[Round "5"]
[White "Marton, Denes"]
[Black "Strenner, Zoltan"]
[Result "1-0"]
[WhiteElo "1862"]
[BlackElo "2044"]
[PlyCount "75"]
[EventDate "2015.09.20"]
[EventType "team-tourn"]
[EventRounds "9"]
[EventCountry "HUN"]
[SourceTitle "EXT 2021"]
[Source "ChessBase"]
[SourceDate "2020.10.23"]
[SourceVersion "1"]
[SourceVersionDate "2020.10.23"]
[SourceQuality "1"]
[WhiteTeam "Budapest EAC II"]
[BlackTeam "Fabulon"]
[WhiteTeamCountry "HUN"]
[BlackTeamCountry "HUN"]

1. Nf3 d5 2. g3 Nf6 3. Bg2 e6 4. 0-0 Bd6 5. d3 0-0 6. Nbd2 c6 7. e4 dxe4 8. dxe4 e5 9. c3 Qe7 10. Qc2 h6 11. Nc4 Bc7 12. a4 a5 13. Rd1 b5 14. Ne3 Ng4 15. axb5 Nxe3 16. Bxe3 cxb5 17. Rd5 Nd7 18. Rxb5 Ba6 19. Rd5 Bb7 20. Rdd1 Nf6 21. Nh4 Rfd8 22. Nf5 Qe6 23. c4 Nd7 24. c5 Ba6 25. Rd5 Nf6 26. Rxd8+ Rxd8 27. Rd1 Bc4 28. Rxd8+ Bxd8 29. Qd2 Bc7 30. Bh3 Qa6 31. f3 Kf8 32. Nd6 Bb3 33. Bf1 Qc6 34. Bb5 Qa8 35. Qc3 Be6 36. Qxe5 Qb8 37. Qd4 Kg8 38. Qd3 1-0

[Event "Budapest-chT1 Lilienthal 1516"]
[Site "Budapest"]
[Date "2015.09.27"]
[Round "2"]
[White "Karacsonyi, Gellert"]
[Black "Strenner, Zoltan"]
[Result "1-0"]
[WhiteElo "2055"]
[BlackElo "2044"]
[PlyCount "111"]
[EventDate "2015.09.20"]
[EventType "team-tourn"]
[EventRounds "9"]
[EventCountry "HUN"]
[SourceTitle "EXT 2021"]
[Source "ChessBase"]
[SourceDate "2020.10.23"]
[SourceVersion "1"]
[SourceVersionDate "2020.10.23"]
[SourceQuality "1"]
[WhiteTeam "Penzugyor III"]
[BlackTeam "Fabulon"]
[WhiteTeamCountry "HUN"]
[BlackTeamCountry "HUN"]

1. e4 e5 2. Nf3 Nc6 3. Bb5 a6 4. Bxc6 dxc6 5. 0-0 Bg4 6. h3 h5 7. d3 Bxf3 8. Qxf3 Bc5 9. Nd2 Qe7 10. Nc4 f6 11. Ne3 0-0-0 12. Nf5 Qf7 13. Be3 Bf8 14. a4 Kb8 15. Rfb1 c5 16. b3 Ne7 17. Nxe7 Bxe7 18. Bd2 g6 19. b4 cxb4 20. Bxb4 c5 21. Ba5 Rd7 22. Bc3 Qe6 23. a5 Bd8 24. Ra4 Rc7 25. Rb6 Rc6 26. Rxc6 Qxc6 27. Rc4 Qb5 28. Qg3 Rg8 29. Qe3 Bxa5 30. Bxa5 Qxa5 31. Rxc5 Qa3 32. g3 Rd8 33. Rc4 Qe7 34. Qb6 Qd6 35. Qa5 Rd7 36. Rb4 Rc7 37. Rb2 Ka7 38. h4 Rc5 39. Qb4 Qc6 40. c4 Qc7 41. Kg2 b5 42. cxb5 Rxb5 43. Qa3 Rxb2 44. Qxb2 Qc6 45. Qa3 Qe6 46. Qc5+ Kb7 47. Kf3 Qc6 48. Qe7+ Kb6 49. Qb4+ Kc7 50. Kg2 Kd7 51. Qf8 Qd6 52. Qf7+ Kc8 53. Qxg6 Qxd3 54. g4 hxg4 55. Qxg4+ Kd8 56. h5 1-0

[Event "Budapest-chT1 Lilienthal 1516"]
[Site "Budapest"]
[Date "2015.09.20"]
[Round "1"]
[White "Balazs Piri, Robert"]
[Black "Strenner, Zoltan"]
[Result "1/2-1/2"]
[WhiteElo "1844"]
[BlackElo "2044"]
[PlyCount "145"]
[EventDate "2015.09.20"]
[EventType "team-tourn"]
[EventRounds "9"]
[EventCountry "HUN"]
[SourceTitle "EXT 2021"]
[Source "ChessBase"]
[SourceDate "2020.10.23"]
[SourceVersion "1"]
[SourceVersionDate "2020.10.23"]
[SourceQuality "1"]
[WhiteTeam "Taban Spartacus II"]
[BlackTeam "Fabulon"]
[WhiteTeamCountry "HUN"]
[BlackTeamCountry "HUN"]

1. e4 e5 2. Nf3 Nc6 3. d4 exd4 4. Bc4 Bc5 5. c3 d3 6. b4 Bb6 7. a4 a6 8. Qb3 Qf6 9. Bb2 d6 10. Nbd2 Be6 11. a5 Ba7 12. Bxe6 fxe6 13. c4 Nd4 14. Nxd4 Bxd4 15. Bxd4 Qxd4 16. Qa4+ c6 17. 0-0 Nf6 18. Qb3 Nxe4 19. Nxe4 Qxe4 20. Rfe1 Qf5 21. Re3 0-0 22. Ra2 d5 23. Rxd3 dxc4 24. Qxc4 Rad8 25. Rad2 Rxd3 26. Qxd3 Qxd3 27. Rxd3 g6 28. g3 Kg7 29. Kf1 Rf5 30. Rd7+ Rf7 31. Rd3 Kf8 32. Ke2 Ke7 33. Ke3 Rf5 34. f4 Rd5 35. Rc3 e5 36. fxe5 Rxe5+ 37. Kd4 Kd6 38. Rf3 Ke6 39. Rf8 Rh5 40. Rb8 Rb5 41. Kc4 Kf5 42. h3 Kg5 43. Rd8 Kf5 44. Rf8+ Ke4 45. Rf7 h5 46. h4 Ke5 47. Rf8 Ke6 48. Rd8 g5 49. Rf8 gxh4 50. gxh4 Rf5 51. Rxf5 Kxf5 52. Kc5 Kg4 53. Kb6 Kxh4 54. Kxb7 Kg3 55. Kxc6 h4 56. Kb6 h3 57. Kxa6 h2 58. b5 h1Q 59. b6 Qa8+ 60. Kb5 Qe8+ 61. Ka6 Qc6 62. Ka7 Qa4 63. a6 Qd4 64. Kb7 Qd7+ 65. Ka8 Qc8+ 66. Ka7 Qc5 67. Kb7 Qd5+ 68. Ka7 Kg4 69. b7 Qc5+ 70. Ka8 Qc6 71. Ka7 Qc5+ 72. Ka8 Qd5 73. Ka7 1/2-1/2

[Event "Budapest-chT1 Lilienthal 1314"]
[Site "Budapest"]
[Date "2013.11.10"]
[Round "3"]
[White "Strenner, Zoltan"]
[Black "Makai, Gyorgy"]
[Result "1-0"]
[WhiteElo "2065"]
[BlackElo "1996"]
[PlyCount "57"]
[EventDate "2013.09.29"]
[EventType "team-tourn"]
[EventRounds "11"]
[EventCountry "HUN"]
[SourceTitle "EXT 2021"]
[Source "ChessBase"]
[SourceDate "2020.10.23"]
[SourceVersion "1"]
[SourceVersionDate "2020.10.23"]
[SourceQuality "1"]
[WhiteTeam "Fabulon"]
[BlackTeam "Rakosliget"]
[WhiteTeamCountry "HUN"]
[BlackTeamCountry "HUN"]

1. e4 c5 2. Bc4 Nc6 3. Nc3 e6 4. d3 a6 5. a4 Nf6 6. Bg5 Be7 7. Nf3 d5 8. Ba2 d4 9. Ne2 b5 10. 0-0 0-0 11. c3 dxc3 12. bxc3 b4 13. Rc1 Bb7 14. Ne1 a5 15. h3 h6 16. Be3 Rc8 17. f4 Qc7 18. f5 e5 19. Ng3 Rcd8 20. Nh5 Kh7 21. Nxf6+ Bxf6 22. Bxc5 Be7 23. cxb4 axb4 24. Be3 Qd7 25. f6 Bxf6 26. Rxf6 gxf6 27. Qh5 Nd4 28. Bxh6 Kg8 29. Qg6+ 1-0

[Event "Budapest-chT1 Lilienthal 1314"]
[Site "Budapest"]
[Date "2013.10.13"]
[Round "2"]
[White "Strenner, Zoltan"]
[Black "Furedi, Erik"]
[Result "1-0"]
[WhiteElo "2065"]
[BlackElo "1923"]
[PlyCount "79"]
[EventDate "2013.09.29"]
[EventType "team-tourn"]
[EventRounds "11"]
[EventCountry "HUN"]
[SourceTitle "EXT 2021"]
[Source "ChessBase"]
[SourceDate "2020.10.23"]
[SourceVersion "1"]
[SourceVersionDate "2020.10.23"]
[SourceQuality "1"]
[WhiteTeam "Fabulon"]
[BlackTeam "Budapest Vasas II"]
[WhiteTeamCountry "HUN"]
[BlackTeamCountry "HUN"]

1. e4 e5 2. Bc4 Nf6 3. d3 Nc6 4. Nc3 Be7 5. a3 d6 6. Nge2 Be6 7. Nd5 Qd7 8. 0-0 0-0 9. f4 exf4 10. Nexf4 Ne5 11. Ba2 c6 12. Nxe6 fxe6 13. Nf4 d5 14. d4 Nc4 15. e5 Ne8 16. Qe2 b5 17. a4 a6 18. Bb3 Nc7 19. Qg4 Rf7 20. axb5 cxb5 21. Rf3 Raf8 22. c3 g6 23. Bc2 Rg7 24. Rg3 Bd8 25. Nxg6 Rf5 26. Bxf5 exf5 27. Qh5 hxg6 28. Rxg6 Qf7 29. Rxg7+ Kxg7 30. Bh6+ Kg8 31. Qh3 Qg6 32. b3 Nb6 33. Rf1 Bg5 34. Bxg5 Qxg5 35. Rxf5 Qc1+ 36. Rf1 Qg5 37. Qf3 Qg7 38. Qf5 Qe7 39. Qg6+ Qg7 40. Qxb6 1-0

[Event "Budapest-chT1 Lilienthal 1314"]
[Site "Budapest"]
[Date "2013.09.29"]
[Round "1"]
[White "Saghy, Krisztian"]
[Black "Strenner, Zoltan"]
[Result "1/2-1/2"]
[WhiteElo "1796"]
[BlackElo "2065"]
[PlyCount "49"]
[EventDate "2013.09.29"]
[EventType "team-tourn"]
[EventRounds "11"]
[EventCountry "HUN"]
[SourceTitle "EXT 2021"]
[Source "ChessBase"]
[SourceDate "2020.10.23"]
[SourceVersion "1"]
[SourceVersionDate "2020.10.23"]
[SourceQuality "1"]
[WhiteTeam "REAC SISE"]
[BlackTeam "Fabulon"]
[WhiteTeamCountry "HUN"]
[BlackTeamCountry "HUN"]

1. d4 d5 2. Bf4 e6 3. e3 Nf6 4. Bd3 Bd6 5. Bg3 Nbd7 6. Bxd6 cxd6 7. Ne2 Qb6 8. b3 0-0 9. 0-0 Re8 10. c4 Nf8 11. Nbc3 dxc4 12. bxc4 Bd7 13. Qb3 Qc7 14. Nb5 Bxb5 15. cxb5 Rec8 16. Rfc1 Qd8 17. Nc3 N8d7 18. Qb4 Qb6 19. Na4 Rxc1+ 20. Rxc1 Qd8 21. Qc3 Ne8 22. Nb2 Nb6 23. Be4 Rc8 24. Qd2 Rxc1+ 25. Qxc1 1/2-1/2

[Event "Budapest-chT1 Lilienthal 1213"]
[Site "Budapest"]
[Date "2012.11.25"]
[Round "4"]
[White "Strenner, Zoltan"]
[Black "Fulop, Szabolcs"]
[Result "1-0"]
[WhiteElo "2084"]
[BlackElo "1912"]
[PlyCount "107"]
[EventDate "2012.09.30"]
[EventType "team-tourn"]
[EventRounds "11"]
[EventCountry "HUN"]
[SourceTitle "EXT 2019"]
[Source "ChessBase"]
[SourceDate "2018.10.10"]
[SourceVersion "1"]
[SourceVersionDate "2018.10.10"]
[SourceQuality "1"]
[WhiteTeam "Fabulon"]
[BlackTeam "Barcza GSC"]
[WhiteTeamCountry "HUN"]
[BlackTeamCountry "HUN"]

1. e4 c5 2. Nf3 Nc6 3. d4 cxd4 4. Nxd4 Nf6 5. Nc3 e5 6. Ndb5 d6 7. Bg5 a6 8. Na3 Be6 9. Nc4 Rc8 10. Nd5 Bxd5 11. Bxf6 gxf6 12. Qxd5 Nb4 13. Qd2 d5 14. exd5 Qxd5 15. Qxd5 Nxd5 16. Rd1 Rd8 17. c3 Bc5 18. g3 Nc7 19. Bd3 Ke7 20. Na5 Bb6 21. Nxb7 Rd7 22. Ke2 Rb8 23. Be4 Ne8 24. Rxd7+ Kxd7 25. b4 Kc7 26. Nc5 Bxc5 27. bxc5 Rb2+ 28. Ke3 Rxa2 29. Bd5 Ra5 30. Bxf7 Ng7 31. Bd5 Rxc5 32. c4 Nf5+ 33. Kd3 Ne7 34. Bf7 Ra5 35. f4 exf4 36. gxf4 Ra3+ 37. Kd4 Ra2 38. h4 a5 39. Re1 Nc6+ 40. Kd5 Rd2+ 41. Kc5 Nd4 42. Re7+ Kd8 43. Rb7 Nf5 44. Be6 Nxh4 45. Rxh7 Ng6 46. Bd5 Re2 47. f5 Ne7 48. Be6 Re5+ 49. Kd6 Nc8+ 50. Bxc8 Kxc8 51. Rh8+ Kb7 52. c5 Re1 53. c6+ Ka7 54. c7 1-0

[Event "Budapest-chT1 Lilienthal 1112"]
[Site "Budapest"]
[Date "2012.03.18"]
[Round "10"]
[White "Strenner, Zoltan"]
[Black "Furedi, Erik"]
[Result "1-0"]
[WhiteElo "2103"]
[BlackElo "100"]
[PlyCount "57"]
[EventDate "2011.10.02"]
[EventType "team-tourn"]
[EventRounds "11"]
[EventCountry "HUN"]
[SourceTitle "EXT 2020"]
[Source "ChessBase"]
[SourceDate "2019.10.17"]
[SourceVersion "1"]
[SourceVersionDate "2019.10.17"]
[SourceQuality "1"]
[WhiteTeam "Fabulon"]
[BlackTeam "Budapest Vasas II"]
[WhiteTeamCountry "HUN"]
[BlackTeamCountry "HUN"]

1. e4 e5 2. Bc4 Nf6 3. d3 Bc5 4. Nc3 d6 5. h3 h6 6. Nge2 Nc6 7. a3 Be6 8. Nd5 0-0 9. Ng3 a6 10. 0-0 Bxd5 11. exd5 Ne7 12. Qf3 Nd7 13. c3 Nb6 14. Ba2 c6 15. dxc6 d5 16. b4 Bd6 17. c4 Bc7 18. cxb7 Rb8 19. c5 Na4 20. Bd2 d4 21. Rac1 Qd7 22. c6 Qd8 23. Ne4 Bd6 24. Nxd6 Qxd6 25. c7 Rbe8 26. c8Q Nxc8 27. bxc8Q Rxc8 28. Rxc8 Rxc8 29. Qxf7+ 1-0

[Event "Budapest-chT1 Lilienthal 1112"]
[Site "Budapest"]
[Date "2011.10.02"]
[Round "1"]
[White "Hatala, Sandor"]
[Black "Strenner, Zoltan"]
[Result "1/2-1/2"]
[WhiteElo "1892"]
[BlackElo "2103"]
[PlyCount "127"]
[EventDate "2011.10.02"]
[EventType "team-tourn"]
[EventRounds "11"]
[EventCountry "HUN"]
[SourceTitle "EXT 2020"]
[Source "ChessBase"]
[SourceDate "2019.10.17"]
[SourceVersion "1"]
[SourceVersionDate "2019.10.17"]
[SourceQuality "1"]
[WhiteTeam "Budapest Honved III"]
[BlackTeam "Fabulon"]
[WhiteTeamCountry "HUN"]
[BlackTeamCountry "HUN"]

1. d4 d5 2. Nf3 Nf6 3. Bf4 e6 4. e3 Bd6 5. Ne5 0-0 6. Be2 Re8 7. 0-0 c6 8. Bg3 Qc7 9. Nd2 Nfd7 10. Nxd7 Nxd7 11. c4 Bxg3 12. hxg3 dxc4 13. Bxc4 e5 14. Qf3 Nf6 15. Ne4 Nxe4 16. Qxe4 Be6 17. Bxe6 Rxe6 18. d5 cxd5 19. Qxd5 Rd8 20. Qe4 Rc6 21. b3 Rd2 22. Rad1 Rcc2 23. Rxd2 Rxd2 24. a4 g6 25. g4 Rb2 26. Rb1 Qc2 27. Qxc2 Rxc2 28. e4 Kf8 29. b4 Ke7 30. Rb3 h6 31. Kf1 Ke6 32. Kg1 Re2 33. f3 Rc2 34. Kf1 h5 35. gxh5 gxh5 36. g3 Rd2 37. Rc3 Kd6 38. Rc4 a6 39. a5 Rb2 40. Kg1 Ke6 41. Kf1 Kf6 42. Kg1 Kg6 43. Kf1 f6 44. f4 exf4 45. gxf4 h4 46. Kg1 h3 47. Rd4 Kh5 48. e5 Kg6 49. exf6 Kxf6 50. Rd6+ Kf5 51. Rb6 Rg2+ 52. Kh1 Rg7 53. Kh2 Kxf4 54. Kxh3 Ke4 55. b5 axb5 56. Rxb5 Kd4 57. Rb6 Kc5 58. Kh4 Rd7 59. Kg5 Rd5+ 60. Kf4 Rd4+ 61. Ke3 Rb4 62. Rxb4 Kxb4 63. a6 bxa6 64. Kd2 1/2-1/2

[Event "Budapest-chT1 Lilienthal 1011"]
[Site "Budapest"]
[Date "2011.02.27"]
[Round "9"]
[White "Kassay, Gabor"]
[Black "Strenner, Zoltan"]
[Result "1-0"]
[WhiteElo "2037"]
[BlackElo "2141"]
[PlyCount "45"]
[EventDate "2010.09.19"]
[EventType "team-tourn"]
[EventRounds "11"]
[EventCountry "HUN"]
[SourceTitle "EXT 2020"]
[Source "ChessBase"]
[SourceDate "2019.10.17"]
[SourceVersion "1"]
[SourceVersionDate "2019.10.17"]
[SourceQuality "1"]
[WhiteTeam "Csepel"]
[BlackTeam "Fabulon"]
[WhiteTeamCountry "HUN"]
[BlackTeamCountry "HUN"]

1. d4 d5 2. c4 c6 3. e3 Nf6 4. Nc3 e6 5. Nf3 Bd6 6. Bd3 0-0 7. 0-0 Nbd7 8. Qe2 dxc4 9. Bxc4 e5 10. Rd1 Qc7 11. h3 b5 12. Bb3 a6 13. Ng5 h6 14. Nge4 Be7 15. d5 cxd5 16. Nxd5 Nxd5 17. Bxd5 Bb7 18. Bxb7 Qxb7 19. Nd6 Qc6 20. Nf5 Qe6 21. Qg4 Bg5 22. Rxd7 g6 23. Ne7+ 1-0

[Event "Budapest-chT1 Lilienthal 1011"]
[Site "Budapest"]
[Date "2010.11.28"]
[Round "5"]
[White "Csillag, Janos"]
[Black "Strenner, Zoltan"]
[Result "1-0"]
[WhiteElo "1975"]
[BlackElo "2141"]
[PlyCount "55"]
[EventDate "2010.09.19"]
[EventType "team-tourn"]
[EventRounds "11"]
[EventCountry "HUN"]
[SourceTitle "EXT 2020"]
[Source "ChessBase"]
[SourceDate "2019.10.17"]
[SourceVersion "1"]
[SourceVersionDate "2019.10.17"]
[SourceQuality "1"]
[WhiteTeam "Taban Spartacus II"]
[BlackTeam "Fabulon"]
[WhiteTeamCountry "HUN"]
[BlackTeamCountry "HUN"]

1. d4 d5 2. c4 e6 3. Nc3 Nf6 4. Nf3 c6 5. Bg5 Nbd7 6. e3 Qa5 7. Qb3 Ne4 8. cxd5 Nb6 9. Bd3 Nxg5 10. Nxg5 Nxd5 11. Nf3 Bd6 12. 0-0 0-0 13. a3 Nxc3 14. bxc3 e5 15. Ng5 exd4 16. Nxh7 Qe5 17. g3 Re8 18. exd4 Qe7 19. Qd1 Bh3 20. Qh5 Bxf1 21. Ng5 Qf6 22. Rxf1 g6 23. Qh7+ Kf8 24. Bc4 Bxa3 25. Bxf7 Qg7 26. Qh4 Re7 27. Bb3 Ke8 28. Ne4 1-0